00241nam a2200085Ia 4500008004100000100001800041245004500059260004200104260000900146170620s9999 xx 000 0 und d aRather- A. R. 0aDevelopment of Education System in India bNew Delhi- Discovery Publishing House c2005